Botswana First Level Subdivisions - Statistics

General Stats
  • This quiz has been taken 190 times
  • The average score is 8 of 17
Answer Stats
Rural districts % Correct
Gaborone
91%
Central
65%
Francistown
62%
South-East
62%
North-East
57%
Chobe
54%
Ghanzi
49%
Kgalagadi
43%
Kweneng
43%
Southern
43%
Kgatleng
41%
Orapa
40%
Sowa
40%
Jwaneng
38%
Lobatse
38%
Selebi-Phikwe
35%
Ngamiland
34%
No matching quizzes found
Score Distribution
Percent of People with Each Score
Percentile by Number Answered
Your Score History
You have not taken this quiz